00446 a2200157 4500001000700000020001800007040002200025041001600047082002500063100003500088245010600123250000900229260002900238300000800267362001300275130673 a85-224-2352-0 cLeonardo Da Vinci aPortuguês a658.001 M419tbM419t aMAXIMIANO, Antonio Cesar Amaru aTeoria geral da administraçãobda escola científica à competitividade na economia globalizada a2.ed bAtlasc2000aSão Paulo a530 a20000000